Ensayos históricos (notice nᵒ 4499)
[ vue normale ]
| 000 -Sello discográfico | |
|---|---|
| campo de control de longitud fija | 01164nam a2200337 4500 |
| 005 - Identificación de versión | |
| campo de control | 20251017062803.0 |
| 010 ## - Número Estándar Internacional de Libros (ISBN) | |
| Número (ISBN) | 968-6914-49-8 (vol.IV) |
| 035 ## - Otros números de control del sistema | |
| Número de control del sistema | 26716 |
| 099 ## - fechas locales | |
| Tipo de ítem Koha | LIBRO |
| 100 ## - Datos de procesamiento general | |
| Datos de procesamiento general | 19990924d1997 m y1spay5003 ba |
| 105 ## - Campo de datos codificados: Material textual, monográfico | |
| Datos codificados de monografía | y 001zy |
| 200 1# - Título y mención de responsabilidad | |
| Título propio | Ensayos históricos |
| Designación general del material | texto impreso |
| Primer mención de responsabilidad | Vicente Riva Palacio |
| Declaración de responsabilidad subsiguiente | compilación José Ortiz Monasterio |
| 205 ## - Declaración de edición | |
| Declaración de edición | 1a ed |
| 210 ## - Publicación, distribución, etc. | |
| Lugar de publicación, distribución, etc. | México |
| Nombre del editor, distribuidor, etc. | Instituto de Investigaciones Dr. José María Luis Mora : Consejo Nacional para la Cultura y las Artes : UNAM : Instituto Mexiquense de Cultura |
| Fecha de publicación, distribución, etc. | 1997 |
| 215 ## - Descripción física | |
| Designación de material específico y extensión del ítem | 317 p |
| Dimensiones | 20 cm |
| 318 ## - Nota de acción | |
| Acción | No se presta a domicilio |
| 345 ## - Nota de información de adquisición | |
| Fuente de adquisición/dirección de la suscripción [OBSOLETO] | Intercambio |
| 410 #1 - Series | |
| Título | Obras escogias |
| Número de volumen | 4 |
| 606 ## - Término temático usado como materia | |
| Elemento de entrada | Historiografía |
| Número Koha | 1805 |
| 607 ## - Nombre geográfico utilizado como tema | |
| Elemento de entrada | México |
| Subdivisión temática | Historia |
| Número Koha | 112 |
| 660 ## - Código de área geográfica | |
| Código | MX |
| 700 ## - Nombre personal - Responsabilidad primaria | |
| Elemento de entrada | Riva Palacio |
| Parte del nombre distinta del elemento de entrada | Vicente |
| Fechas | 1832-1896 |
| Número Koha | 6175 |
| 702 ## - Nombre personal - Responsabilidad secundaria | |
| Elemento de entrada | Ortíz Monasterio |
| Parte del nombre distinta del elemento de entrada | José |
| Fechas | 1955- |
| Número Koha | 4055 |
| 801 #0 - Fuente de origen | |
| Agencia | cm |
| 900 ## - | |
| -- | 1/19271 |
| 900 ## - | |
| -- | 7109911182\240999 |
| 942 ## - ELEMENTOS DE ENTRADA SECUNDARIOS (KOHA) | |
| Tipo de ítem Koha | Livre |
| 996 ## - | |
| -- | MEX |
| -- | 751145101 |
| -- | MMAG |
| -- | 002203 |
| -- | R868.4 R616OB V.4 |
| -- | 20200103LIV |
| Estatus retirado | Estado de daño | Estado de pérdida | Fecha de adquisición | Biblioteca de origen | Biblioteca actual | Ubicación en estantería | Código de barras | Precio de reemplazo | Signatura topográfica completa | No para préstamo | Tipo de ítem Koha | Nota pública | Nota no pública |
|---|---|---|---|---|---|---|---|---|---|---|---|---|---|
| 05/08/2025 | Casa México Paris | Casa México Paris | 002203 | 05/08/2025 | R868.4 R616OB V.4 | No se presta a domicilio | Livre | 20200103LIV | 751145101 |